Statistiques concernant French Verbs

Cliquez ici pour prendre le quiz!

Statistiques générales

  • Ce quiz a été pris 120 fois
    (103 depuis la dernière actualisation)
  • Le résultat moyen est 66 sur 177

Statistiques - réponses

Traviller Answer % Correct
AdorerTo love
98%
AcheterTo buy
91%
AiderTo help
91%
AimerTo like
89%
AccepterTo accept
88%
EtreTo be
84%
AvoirTo have
84%
BoireTo drink
80%
OffrirTo give
79%
AppelerTo call
77%
DonnerTo give
75%
ChangerTo change
75%
MangerTo eat
73%
HabiterTo live
71%
ArriverTo arrive
71%
DemanderTo ask
70%
FinirTo finish
70%
EcrireTo write
70%
ParlerTo speak
70%
SavoirTo know
70%
OuvrirTo open
70%
ChoisiTo choose
68%
MarcherTo walk
68%
DormirTo sleep
68%
DeciderTo decide
68%
AjouterTo add
66%
ApprendreTo learn
66%
VivreTo live
66%
DetesterTo hate
64%
PenserTo think
64%
EtudierTo study
64%
ComprendreTo understand
64%
LaisserTo leave
64%
EcouterTo listen
64%
VenirTo come
61%
PrefererTo prefer
59%
OublierTo forget
57%
PasserTo take
57%
InviterTo invite
57%
DireTo say
57%
EntrerTo enter
57%
FermerTo close
57%
AnnulerTo cancel
55%
CroireTo believe
54%
ConduireTo drive
54%
EspererTo hope
52%
IntroduireTo introduce
52%
NeigerTo snow
52%
UtiliserTo use
52%
ResterTo stay
52%
VoirTo see
52%
InformerTo inform
50%
MettreTo put
50%
DesirerTo desire
50%
CommencerTo begin
50%
RireTo laugh
48%
OrganiserTo organise
48%
EssayerTo try
48%
PerdreTo loose
48%
PresenterTo present
46%
VouloirTo want
46%
EnvoyerTo send
46%
ChargerTo charge
46%
PleurerTo cry
45%
PardonnerTo forgive
45%
NoterTo note
45%
MontrerTo show
45%
ToucherTo touch
45%
ApporterTo bring
43%
VendreTo sell
43%
GarderTo keep
43%
TomberTo fall
43%
VisiterTo visit
41%
TrouverTo find
41%
CliquerTo click
41%
TravaillerTo work
41%
SourireTo smile
39%
RaconterTo tell
39%
EntendreTo hear
39%
RepondreTo answer
38%
s'arreterTo stop
38%
DecrireTo describe
38%
RegretterTo regret
38%
DepenserTo spend
36%
ManquerTo miss
36%
RepeterTo repeat
36%
ComtacterTo contact
34%
CouterTo cost
34%
Poser une questionTo ask a question
34%
RemercierTo thank
34%
SouhaiterTo wish
34%
SignerTo sign
34%
RecontrerTo meet
32%
DiscuterTo discuss
32%
LouerTo rent
30%
ProduireTo produce
30%
AccompagnerTo accompany
30%
SauterTo jump
29%
Se rappelerTo remember
29%
TelephonerTo phone
29%
DescendreTo go down
29%
Se terminerTo end
27%
SuivreTo follow
27%
ReserverTo reserve
27%
GarerTo park
27%
PousserTo push
25%
DisparaîtreTo disappear
25%
SauverTo save
25%
CommanderTo order
25%
RentrerTo return
23%
PouvoirTo be able to
23%
RemplacerTo replace
23%
JeterTo throw
23%
BavarderTo chat
23%
AtterrirTo land
23%
DevoirTo have to
23%
CollerTo stick
21%
s'asseoirTo sit down
21%
ServirTo serve
21%
AmeliorerTo improve
21%
VolerTo steal
21%
ReparerTo repair
21%
ReviserTo revise
21%
PermettreTo allow
21%
RechercherTo research
21%
EmpecherTo prevent
20%
Ressembler aTo look like
20%
MeriterTo deserve
20%
s'echapperTo escape
18%
TenirTo hold
16%
SemblerTo seem
16%
EmprunterTo borrow
16%
EviterTo avoid
16%
AllumerTo switch on, light
14%
AttendreTo wait for
14%
s'appelerTo be called
14%
PlaireTo please
13%
GagnerTo earn
13%
Se depecherTo hurry
13%
RecommanderTo recommend
13%
RecevoirTo recieve
13%
ConseillerTo advise
11%
ReussirTo succeed
11%
DurerTo last
11%
SonnerTo ring
11%
PrevenirTo warn
9%
VerifierTo check
9%
s'occuper deTo look after
7%
s'ennuyerTo be bored
7%
Se servir deTo re-use
7%
Se disputerTo argue
7%
RemplirTo fill
7%
TirerTo pull
7%
s'interesser aTo be interested in
7%
FrapperTo knock
5%
Se FacherTo get angry
5%
RemettreTo put back
5%
TaperTo type
5%
PreterTo lend
5%
RaterTo fail
4%
Se debrouillerTo manage
4%
MonterTo climb up
2%
s'amuserTo enjoy oneself
2%
ConnaitreTo be familiar with
2%
Se taireTo be quiet
2%
RembourserTo refund
2%
s'adresser aTo apply to
0%
CompterTo count, intend
0%
RoulerTo go along
0%
Se trouverTo be located
0%
Se promenerTo go for a walk
0%

Distribution des résultats

Percentile par nombre de réponses

% des personnes avec chaque résultat

Votre développement - résultats

Vous n’avez pas pris ce quiz depuis la dernière actualisation